Statistics for Highway Routes in Delaware County, Pennsylvania

Click here to take the quiz!

General Stats

  • This quiz has been taken 4 times
    (3 since last reset)
  • The average score is 10 of 17

Answers on the Map

Answers color-coded by a green-red scale on the quiz's map according to % correct below.
 

Answer Stats

Answer% Correct
I-476
100%
I-95
100%
US 1
100%
PA 3
67%
PA 352
67%
PA 452
67%
PA 926
67%
US 13
67%
US 30
67%
US 322
67%
PA 252
33%
PA 261
33%
PA 291
33%
PA 320
33%
PA 420
33%
PA 491
33%
US 202
33%

Score Distribution

Percentile by Number Answered

Percent of People with Each Score

Your Score History

You have not taken this quiz since the last reset